Gaming Quiz

Random Gaming or Video Games Quiz

Minecraft Crafting Quiz Stats

Quiz Updated May 6, 2014

Also try: Maxis' Sim Games
Challenge
Share
Tweet
Score 0/25 Timer 10:00
4 Plays Today
Column Answer % Correct
Column 1Torch
96.9%
Column 3Diamond Pickaxe
90.5%
Column 4TNT
89.7%
Column 2Bookcase
89.3%
Column 2Furnace
89.3%
Column 5Wooden Staircase
89%
Column 1Clay Brick
88.9%
Column 5Bow
88.4%
Column 4Iron Shovel
87%
Column 3Crafting Table
86.3%
Column 1Cobblestone Sword
85.8%
Column 5Flint and Steel
84.9%
Column 4Map
84.8%
Column Answer % Correct
Column 1Iron Bucket
84%
Column 5Ladder
80.4%
Column 2Compass
79.4%
Column 5Wooden Door
78.6%
Column 3Clock
76.4%
Column 3Minecart Track
75.4%
Column 4Boat
74.9%
Column 4Sign
74.1%
Column 2Dispenser
73.2%
Column 1Lever
71.3%
Column 2Minecart
70.7%
Column 3Piston
62.5%

You're not logged in!

Compare scores with friends on all Sporcle quizzes.
Sign Up with Email
OR
Log In

You Might Also Like...

Show Comments

Extras

Top Quizzes Today


Score Distribution

Your Account Isn't Verified!

In order to create a playlist on Sporcle, you need to verify the email address you used during registration. Go to your Sporcle Settings to finish the process.